000
00321nam a22001571a 4500
999
_c
146658
_d
146658
082
_a
294.592 15
_b
100
_a
245
_a
Atharva veda samhita/
_c
260
_a
_b
_c
300
_a
650
_a
Atharvaveda
650
_a
Vedic Literature
650
_a
Hinduism
650
_a
Religion
942
_c
BK